| 000 | 00839nam a2200253Ia 4500 | ||
|---|---|---|---|
| 003 | GCL | ||
| 008 | 140319s9999 xx 000 0 ara d | ||
| 020 | _a2532249960 | ||
| 040 |
_aGCL / _cGCL |
||
| 082 | 0 | 4 |
_a333.7846 _bب أ |
| 100 | 1 | _aمحمد عبدالجواد عياد | |
| 245 | 1 | 0 |
_aاساسيات الصون الحيوى / _cمحمد عبدالجواد عياد |
| 700 | 1 | _aبريماك، ريتشارد | |
| 700 | 1 | _aمحمد عبدالعزيز الدمرداش | |
| 700 | 1 | _aكمال حسين شلتوت | |
| 250 | _aالاولى | ||
| 260 |
_aالقاهرة : _bدار المريخ للنشر ، _c2003 |
||
| 300 |
_a701 ص ؛ _c24 سم |
||
| 650 | 0 | 4 | _aتلوث البيئة |
| 650 | 0 | 4 | _aحماية البيئة |
| 650 | 0 | 4 | _aالمحميات |
| 650 | 0 | 4 | _aالمحميات الطبيعية |
| 942 |
_2ddc _cBK |
||
| 999 |
_c58332 _d58332 |
||